[Event "Deutsche Ländermeisterschaft 2012"]
[Site "Hannover GER"]
[Date "2012.09.30"]
[Round "3"]
[White "Hampel, Felix"]
[Black "Kvetny, Mark"]
[Result "1/2-1/2"]
[Termination "normal"]
[Board "4.2"]
[WhiteTitle "18"]
[BlackTitle "16"]
[WhiteElo "2082"]
[BlackElo "2245"]
[WhiteTeam "Niedersachsen 2"]
[BlackTeam "Württemberg"]
[PlyCount "173"]
[WhiteFideId "24668125"]
[BlackFideId "24603929"]
[EventCountry "GER"]
[EventRounds "7"]
[EventType "team-swiss"]
[EventDate "2012.09.28"]

1. Nf3 c5 2. c4 Nc6 3. Nc3 g6 4. g3 Bg7 5. Bg2 d6 6. O-O a6 7. d3 Rb8 8. e4 Nf6
9. Be3 O-O 10. h3 b5 11. Qd2 Nd7 12. cxb5 axb5 13. d4 Ba6 14. Rfd1 b4 15. Ne2
Qa5 16. dxc5 Nxc5 17. Nfd4 Nxd4 18. Nxd4 Bb7 19. f3 Rfd8 20. Qf2 Rbc8 21. h4 d5
22. exd5 Bxd5 23. f4 Ne4 24. Qe1 e5 25. Nb3 Qa8 26. Bb6 Re8 27. Rxd5 Qxd5 28.
Qxe4 Qxe4 29. Bxe4 exf4 30. Bd5 Rc2 31. gxf4 Rxb2 32. Rf1 Rxa2 33. Rf2 Re1+ 34.
Kg2 Rxf2+ 35. Bxf2 Rd1 36. Bc4 Bc3 37. Bc5 Be1 38. Kh3 Kg7 39. Bd4+ f6 40. Bc5
Bc3 41. Kg2 f5 42. Bb6 Re1 43. Kg3 Rh1 44. Bf2 Rb1 45. Bc5 Rb2 46. Bd5 Re2 47.
Kf3 Re8 48. Kg3 Bf6 49. Kh3 Rd8 50. Bc4 Rd1 51. Bf2 Rd8 52. Bc5 Re8 53. Kg3 h6
54. Bd5 Bc3 55. Kh3 Rd8 56. Bc4 Rd1 57. Bf2 Bf6 58. Kg3 Be7 59. Kg2 g5 60. hxg5
hxg5 61. fxg5 Bxg5 62. Kf3 Rd7 63. Nd4 Kf6 64. Nb3 Kg6 65. Bc5 Be7 66. Bd4 Rc7
67. Bd5 Bd6 68. Bg8 Bf8 69. Kf4 Bd6+ 70. Kf3 Rc2 71. Be6 Rh2 72. Bd5 Rh3+ 73.
Kg2 Rd3 74. Bc4 Rg3+ 75. Kf2 f4 76. Be6 Kg5 77. Bd5 Kf5 78. Ke2 Be5 79. Bc5 Bc3
80. Bf3 Ke5 81. Bb6 Rg6 82. Bc5 Ra6 83. Kd3 Ra2 84. Bb6 Rb2 85. Kc4 Kf5 86. Bc5
Be1 87. Bxb4 1/2-1/2

[Event "Deutsche Ländermeisterschaft 2012"]
[Site "Hannover GER"]
[Date "2012.09.30"]
[Round "3"]
[White "Braun, Georg"]
[Black "Kyas, Philipp"]
[Result "1/2-1/2"]
[Termination "normal"]
[Board "4.3"]
[WhiteTitle "18"]
[BlackTitle "16"]
[WhiteElo "2196"]
[BlackElo "2076"]
[WhiteTeam "Württemberg"]
[BlackTeam "Niedersachsen 2"]
[PlyCount "125"]
[WhiteFideId "24629383"]
[BlackFideId "24670936"]
[EventCountry "GER"]
[EventRounds "7"]
[EventType "team-swiss"]
[EventDate "2012.09.28"]

1. e4 e5 2. Nf3 Nc6 3. d4 exd4 4. Nxd4 Nf6 5. Nxc6 bxc6 6. e5 Qe7 7. Qe2 Nd5 8.
c4 Ba6 9. b3 g6 10. g3 Bg7 11. Bb2 O-O 12. Bg2 Rae8 13. O-O Bxe5 14. Qxe5 Qxe5
15. Bxe5 Rxe5 16. cxd5 Bxf1 17. Kxf1 cxd5 18. Nc3 c6 19. Rd1 Rfe8 20. Bf3 Kf8
21. Ne2 Ke7 22. Rd4 Kd6 23. Ra4 Ra8 24. Nf4 Rf5 25. h4 h6 26. Bg4 Re5 27. Bf3
Rf5 28. Kg2 g5 29. Nd3 Rf6 30. Bh5 Re6 31. hxg5 hxg5 32. Bxf7 Re2 33. Bg6 Rf8
34. Kf1 Re6 35. Bh5 Re3 36. Be2 Rxg3 37. Rxa7 Re3 38. b4 Re4 39. a3 Rf7 40. Bh5
Rfe7 41. Nc5 Rh4 42. Bg6 Rf4 43. Kg2 Rf6 44. Bh5 Rf4 45. Kg3 d4 46. Rb7 Kd5 47.
a4 Kc4 48. a5 Re1 49. a6 d3 50. Rxd7 Rg1+ 51. Kh2 Ra1 52. Bg6 Rxf2+ 53. Kg3 Rd2
54. a7 Kxb4 55. Nxd3+ Kc3 56. Be4 c5 57. Kf3 c4 58. Ke3 Rxd3+ 59. Bxd3 cxd3 60.
Rc7+ Kb4 61. Kxd3 Kb5 62. Rg7 Kb6 63. Rxg5 1/2-1/2

[Event "Deutsche Ländermeisterschaft 2012"]
[Site "Hannover GER"]
[Date "2012.09.30"]
[Round "3"]
[White "Bach, Jannik"]
[Black "Zeller, Elisa"]
[Result "1/2-1/2"]
[Termination "normal"]
[Board "4.4"]
[WhiteTitle "14"]
[BlackTitle "18w"]
[WhiteElo "1859"]
[BlackElo "1903"]
[WhiteTeam "Niedersachsen 2"]
[BlackTeam "Württemberg"]
[PlyCount "88"]
[WhiteFideId "24615900"]
[BlackFideId "24662410"]
[EventCountry "GER"]
[EventRounds "7"]
[EventType "team-swiss"]
[EventDate "2012.09.28"]

1. e4 c6 2. d4 d5 3. Nc3 dxe4 4. Nxe4 Bf5 5. Ng3 Bg6 6. Nf3 Nd7 7. Bd3 Bxd3 8.
Qxd3 Qc7 9. O-O e6 10. Re1 O-O-O 11. Qe2 Ngf6 12. c3 h6 13. Bd2 Be7 14. Rad1 g5
15. c4 g4 16. Ne5 Nxe5 17. dxe5 Nd7 18. Bc3 h5 19. b4 Rh7 20. c5 Rdh8 21. Ne4
Kb8 22. Nd6 Nf8 23. Rd3 Ng6 24. Qe4 Rg8 25. Red1 Rhg7 26. a4 h4 27. a5 g3 28.
fxg3 hxg3 29. Rxg3 Bh4 30. Rg4 a6 31. Be1 Bxe1 32. Rxe1 Qd8 33. Rf1 Qe7 34. g3
Rh7 35. Rf2 Rgh8 36. Nc4 Qd7 37. Nd6 Qe7 38. Qe3 Ka7 39. Qg5 Qc7 40. Qe3 Qe7
41. Nc4 Rd8 42. Nd6 Rdh8 43. Rd4 Qc7 44. Rfd2 Rh5 1/2-1/2

[Event "Deutsche Ländermeisterschaft 2012"]
[Site "Hannover GER"]
[Date "2012.09.30"]
[Round "3"]
[White "Schmidt, Tobias"]
[Black "Evers, Annika"]
[Result "1-0"]
[Termination "normal"]
[Board "4.5"]
[WhiteTitle "14"]
[BlackTitle "18w"]
[WhiteElo "1834"]
[BlackElo "1807"]
[WhiteTeam "Württemberg"]
[BlackTeam "Niedersachsen 2"]
[PlyCount "83"]
[WhiteFideId "1271683"]
[BlackFideId "24691933"]
[EventCountry "GER"]
[EventRounds "7"]
[EventType "team-swiss"]
[EventDate "2012.09.28"]

1. e4 c5 2. c3 d5 3. exd5 Qxd5 4. d4 Nc6 5. Nf3 Bg4 6. dxc5 Qxd1+ 7. Kxd1 e5 8.
b4 a5 9. b5 Bxf3+ 10. gxf3 Na7 11. Be3 Nf6 12. Bc4 Nd7 13. Re1 Be7 14. a4 O-O
15. c6 bxc6 16. b6 Rad8 17. Nd2 Nc8 18. Rb1 Rfe8 19. Kc2 Bc5 20. Bxc5 Nxc5 21.
Nb3 Nxa4 22. b7 Ncb6 23. Nxa5 Nxc4 24. Nxc4 Rb8 25. Rxe5 Rxe5 26. Nxe5 Nc5 27.
Nxc6 Rxb7 28. Rxb7 Nxb7 29. Kd3 Kf8 30. Kd4 Ke8 31. Kd5 Kd7 32. c4 g5 33. c5 f6
34. Nd4 Nd8 35. c6+ Nxc6 36. Nxc6 h5 37. Nd4 Ke7 38. Ke4 Kf7 39. Kf5 h4 40. Ne2
Kg7 41. Nc3 Kh6 42. Ne4 1-0

[Event "Deutsche Ländermeisterschaft 2012"]
[Site "Hannover GER"]
[Date "2012.09.30"]
[Round "3"]
[White "Manusina, Nicole"]
[Black "Höglauer, Patrick"]
[Result "0-1"]
[Termination "normal"]
[Board "4.6"]
[WhiteTitle "14w"]
[BlackTitle "12"]
[WhiteElo "1800"]
[BlackElo "1883"]
[WhiteTeam "Niedersachsen 2"]
[BlackTeam "Württemberg"]
[PlyCount "104"]
[WhiteFideId "24657514"]
[BlackFideId "1270548"]
[EventCountry "GER"]
[EventRounds "7"]
[EventType "team-swiss"]
[EventDate "2012.09.28"]

1. d4 Nf6 2. c4 e6 3. Nc3 Bb4 4. e3 b6 5. Bd3 Bb7 6. f3 c5 7. a3 Ba5 8. Nge2
Nc6 9. Bd2 cxd4 10. exd4 Bxc3 11. Bxc3 a6 12. O-O O-O 13. Ng3 d5 14. Qd2 dxc4
15. Bxc4 Rc8 16. Ba2 Ne7 17. Rfe1 Qd7 18. Ne4 Ned5 19. Qg5 Nxe4 20. fxe4 Nxc3
21. bxc3 Rxc3 22. d5 Qb5 23. Qe7 Bc8 24. dxe6 fxe6 25. Bxe6+ Bxe6 26. Qxe6+ Kh8
27. Rf1 Qc5+ 28. Kh1 Rxa3 29. Rxf8+ Qxf8 30. Rc1 Rc3 31. Rb1 Qc8 32. Qxc8+ Rxc8
33. h3 b5 34. Ra1 Ra8 35. Kg1 Kg8 36. Kf2 Kf7 37. Ke3 Ke6 38. Kd4 Kd6 39. e5+
Ke6 40. Rc1 a5 41. Rc6+ Kd7 42. Kd5 Ra7 43. Rb6 b4 44. Rb5 Ke7 45. Kc5 a4 46.
Kb6 a3 47. Kxa7 a2 48. Ra5 b3 49. g4 b2 50. Rxa2 b1=Q 51. Ra6 Qg1+ 52. Rb6 Qe3
0-1

[Event "Deutsche Ländermeisterschaft 2012"]
[Site "Hannover GER"]
[Date "2012.09.30"]
[Round "3"]
[White "Gaßmann, Linda"]
[Black "Reuker, Jari"]
[Result "0-1"]
[Termination "normal"]
[Board "4.7"]
[WhiteTitle "14w"]
[BlackTitle "12"]
[WhiteElo "1766"]
[BlackElo "1784"]
[WhiteTeam "Württemberg"]
[BlackTeam "Niedersachsen 2"]
[PlyCount "88"]
[WhiteFideId "12900451"]
[BlackFideId "12909300"]
[EventCountry "GER"]
[EventRounds "7"]
[EventType "team-swiss"]
[EventDate "2012.09.28"]

1. c4 e5 2. g3 Nf6 3. Bg2 Nc6 4. Nc3 Bb4 5. e3 Bxc3 6. bxc3 O-O 7. d4 d6 8. Nf3
Bg4 9. Qc2 Re8 10. O-O Qd7 11. Ba3 Bf5 12. Qb2 Bd3 13. Rfd1 e4 14. Nd2 Rab8 15.
Bf1 Bxf1 16. Nxf1 Ne7 17. c5 d5 18. Qc2 c6 19. c4 Ng6 20. cxd5 cxd5 21. Rdc1
Rec8 22. Rab1 Rc6 23. Qe2 h5 24. Rb3 h4 25. Rcb1 Ng4 26. h3 Nh6 27. Kg2 Ne7 28.
Qh5 Nef5 29. Qg5 f6 30. Qf4 Qc8 31. g4 g5 32. Qh2 Ne7 33. Nd2 f5 34. gxf5 Nexf5
35. Qe5 g4 36. Qxd5+ Kh7 37. Qxe4 gxh3+ 38. Kh2 Kh8 39. Qe5+ Ng7 40. Qf4 Ng4+
41. Kg1 h2+ 42. Kh1 Rf6 43. Qg5 Nxf2+ 44. Kxh2 Qh3+ 0-1

[Event "Deutsche Ländermeisterschaft 2012"]
[Site "Hannover GER"]
[Date "2012.09.30"]
[Round "3"]
[White "Wallat, Jessica"]
[Black "Lederer, Leia"]
[Result "1/2-1/2"]
[Termination "normal"]
[Board "4.8"]
[WhiteTitle "12w"]
[BlackTitle "12w"]
[WhiteElo "1580"]
[BlackElo "1624"]
[WhiteTeam "Niedersachsen 2"]
[BlackTeam "Württemberg"]
[PlyCount "115"]
[WhiteFideId "12909637"]
[BlackFideId "12926353"]
[EventCountry "GER"]
[EventRounds "7"]
[EventType "team-swiss"]
[EventDate "2012.09.28"]

1. e4 Nc6 2. Nf3 e5 3. Bc4 Bc5 4. c3 Nf6 5. d4 exd4 6. e5 Ng4 7. cxd4 Be7 8. h3
Nh6 9. Nc3 d6 10. Bf4 Nf5 11. d5 dxe5 12. Bxe5 Nxe5 13. Nxe5 Bd6 14. Bb5+ Kf8
15. Nf3 a6 16. Be2 b5 17. O-O h5 18. Ne4 f6 19. Nd4 Nxd4 20. Qxd4 c6 21. Rfd1
Be5 22. Qc5+ Kg8 23. dxc6 Qc7 24. Qd5+ Kh7 25. Bxh5 g5 26. Qf7+ Qxf7 27. Bxf7
Kg7 28. Bb3 g4 29. hxg4 Bxg4 30. f3 Bf5 31. Nc3 Bg3 32. Ne2 Be5 33. Nd4 Bc8 34.
Rab1 Ra7 35. Rbc1 Re7 36. a4 b4 37. Bc4 Bf4 38. g3 Be3+ 39. Kf1 Bh3+ 40. Ke1
Bxc1+ 41. Be2 Bxb2 42. g4 Bxd4 43. Rxd4 b3 44. Rb4 Rc8 45. Rxb3 Rxc6 46. Rb2
Kg6 47. Kf2 f5 48. Bd3 Rf6 49. Bxf5+ Rxf5 50. gxf5+ Bxf5 51. Rb6+ Re6 52. Rxe6+
Bxe6 53. Ke3 Kf6 54. Kd4 Ke7 55. Kc5 Kd7 56. Kb6 Bc4 57. f4 Ke6 58. Kc5 1/2-1/2

[Event "Deutsche Ländermeisterschaft 2012"]
[Site "Hannover GER"]
[Date "2012.09.30"]
[Round "3"]
[White "Möhn, Hans"]
[Black "Schulenburg, Torben"]
[Result "1-0"]
[Termination "normal"]
[Board "5.1"]
[WhiteTitle "16"]
[BlackTitle "20"]
[WhiteElo "2119"]
[BlackElo "2060"]
[WhiteTeam "Sachsen"]
[BlackTeam "Hamburg"]
[PlyCount "119"]
[WhiteFideId "24647837"]
[BlackFideId "24648558"]
[EventCountry "GER"]
[EventRounds "7"]
[EventType "team-swiss"]
[EventDate "2012.09.28"]

1. e4 e6 2. d4 d5 3. Nc3 Bb4 4. e5 c5 5. a3 Bxc3+ 6. bxc3 Ne7 7. Nf3 Qa5 8. Bd2
Qa4 9. Qb1 a6 10. Bd3 Nbc6 11. O-O cxd4 12. cxd4 Nxd4 13. Nxd4 Qxd4 14. Qe1 Nc6
15. Bc3 Qc5 16. Bb4 Nxb4 17. axb4 Qc7 18. f4 Qe7 19. Rf3 f5 20. exf6 Qxf6 21.
Rd1 O-O 22. Qf2 Bd7 23. Re1 Bc6 24. Qd2 Rac8 25. g3 Kh8 26. Rfe3 Bd7 27. Re5
Rc7 28. Qe3 Bc8 29. Rf1 g6 30. h4 Rg7 31. Rf2 Qd8 32. Qd4 Kg8 33. Kh2 Qc7 34.
h5 gxh5 35. Rxh5 Bd7 36. Re2 Rc8 37. Qf6 Rf8 38. Qh6 Be8 39. Rg5 Rxg5 40. Qxg5+
Qg7 41. Qxg7+ Kxg7 42. Rxe6 Bg6 43. Re5 Rc8 44. f5 Bf7 45. Re7 Rb8 46. Rd7 Kf6
47. Kg2 h5 48. Kf2 Be8 49. Rxd5 Bc6 50. Rd6+ Ke5 51. Re6+ Kd4 52. Bxa6 Bd5 53.
Rb6 h4 54. gxh4 Rg8 55. Bxb7 Rb8 56. f6 Bxb7 57. f7 Rc8 58. Rxb7 Rxc2+ 59. Kg3
Rc8 60. Kf4 1-0

[Event "Deutsche Ländermeisterschaft 2012"]
[Site "Hannover GER"]
[Date "2012.09.30"]
[Round "3"]
[White "Krüger, David"]
[Black "Vogel, Roven"]
[Result "0-1"]
[Termination "normal"]
[Board "5.4"]
[WhiteTitle "12"]
[BlackTitle "12"]
[WhiteElo "1786"]
[BlackElo "1993"]
[WhiteTeam "Hamburg"]
[BlackTeam "Sachsen"]
[PlyCount "102"]
[WhiteFideId "12921858"]
[BlackFideId "12908088"]
[EventCountry "GER"]
[EventRounds "7"]
[EventType "team-swiss"]
[EventDate "2012.09.28"]

1. e4 d6 2. d4 Nf6 3. Nc3 g6 4. f4 Bg7 5. Nf3 O-O 6. Bd3 Nc6 7. e5 dxe5 8. dxe5
Nd5 9. Ne4 Ndb4 10. O-O Nxd3 11. cxd3 Bf5 12. Be3 Nb4 13. Ne1 Nxd3 14. Nxd3
Bxe4 15. Nc5 Qxd1 16. Raxd1 Bc6 17. Rd2 Rfd8 18. Rfd1 Rxd2 19. Rxd2 Kf8 20. Nb3
e6 21. Nd4 Be8 22. Nf3 b6 23. Ng5 h6 24. Ne4 Bc6 25. Rd4 Bxe4 26. Rxe4 Ke8 27.
Kf2 h5 28. Bd2 Bf8 29. Bb4 Bxb4 30. Rxb4 Rd8 31. Ke2 Rd5 32. Rc4 Kd7 33. Ke3 c5
34. b4 Kc6 35. bxc5 Rxc5 36. Kd4 Rxc4+ 37. Kxc4 b5+ 38. Kd4 Kb6 39. g3 Ka5 40.
Kc5 Ka4 41. Kd6 Ka3 42. Ke7 Kxa2 43. Kxf7 b4 44. Kxe6 b3 45. Kf7 b2 46. e6 b1=Q
47. e7 Qf5+ 48. Kg7 Qe6 49. Kf8 Qf6+ 50. Ke8 Kb3 51. Kd7 Qf7 0-1

[Event "Deutsche Ländermeisterschaft 2012"]
[Site "Hannover GER"]
[Date "2012.09.30"]
[Round "3"]
[White "Scholz, Robert"]
[Black "Rogozenco, Teodora"]
[Result "1/2-1/2"]
[Termination "normal"]
[Board "5.5"]
[WhiteTitle "14"]
[BlackTitle "12w"]
[WhiteElo "1901"]
[BlackElo "1706"]
[WhiteTeam "Sachsen"]
[BlackTeam "Hamburg"]
[PlyCount "67"]
[WhiteFideId "1270301"]
[BlackFideId "12938084"]
[EventCountry "GER"]
[EventRounds "7"]
[EventType "team-swiss"]
[EventDate "2012.09.28"]

1. e4 d5 2. exd5 Qxd5 3. Nc3 Qa5 4. d4 Nf6 5. Bd2 c6 6. Bc4 Bf5 7. Nf3 e6 8.
O-O Qc7 9. Re1 Be7 10. h3 h6 11. Ne2 O-O 12. c3 Nbd7 13. Bf4 Bd6 14. Bxd6 Qxd6
15. Ng3 Bh7 16. Bd3 Bxd3 17. Qxd3 Nb6 18. Rad1 Rfd8 19. Ne4 Qf4 20. Nc5 Qc7 21.
Ne5 Nbd7 22. Ncxd7 Nxd7 23. Qf3 Nf6 24. Ng4 Nxg4 25. Qxg4 Qa5 26. a3 Rd5 27.
Re3 Qd8 28. Rg3 Rg5 29. Qf4 Rxg3 30. Qxg3 Qb6 31. Rd2 Rd8 32. Qe3 Rd5 33. Re2
Rb5 34. Qc1 1/2-1/2

[Event "Deutsche Ländermeisterschaft 2012"]
[Site "Hannover GER"]
[Date "2012.09.30"]
[Round "3"]
[White "Kempe, Anne"]
[Black "Bernstengel, Aaron"]
[Result "1/2-1/2"]
[Termination "normal"]
[Board "5.7"]
[WhiteTitle "14w"]
[BlackTitle "14"]
[WhiteElo "1703"]
[BlackElo "1757"]
[WhiteTeam "Sachsen"]
[BlackTeam "Hamburg"]
[PlyCount "101"]
[WhiteFideId "12918083"]
[BlackFideId "12940062"]
[EventCountry "GER"]
[EventRounds "7"]
[EventType "team-swiss"]
[EventDate "2012.09.28"]

1. e4 e6 2. d4 d5 3. Nc3 Bb4 4. e5 c5 5. a3 Bxc3+ 6. bxc3 Ne7 7. Nf3 Nbc6 8.
Be2 Bd7 9. O-O Qb6 10. Be3 Nf5 11. Qd2 Nxe3 12. fxe3 O-O 13. Ng5 Qd8 14. Nh3 f5
15. exf6 Rxf6 16. Rxf6 Qxf6 17. Rf1 Qe7 18. a4 Na5 19. Ra1 e5 20. Nf2 e4 21. c4
Nxc4 22. Bxc4 dxc4 23. Qc3 b5 24. axb5 Bxb5 25. dxc5 Qxc5 26. Nxe4 Qc6 27. Ng3
Qd7 28. Qd4 a6 29. Rd1 Rd8 30. c3 a5 31. Ne4 Qxd4 32. exd4 a4 33. Ra1 Be8 34.
Kf2 Ra8 35. Nd6 Bf7 36. Nxf7 Kxf7 37. Ke3 Ke6 38. Kd2 Kd5 39. Kc2 Rf8 40. Rxa4
Rf2+ 41. Kb1 Rxg2 42. Ra2 Rg1+ 43. Kb2 Rg2+ 44. Ka3 Rxa2+ 45. Kxa2 g5 46. Kb1
h5 47. Kc2 g4 48. Kd2 Ke4 49. Ke2 h4 50. Kf2 Kf4 51. Kg2 1/2-1/2

[Event "Deutsche Ländermeisterschaft 2012"]
[Site "Hannover GER"]
[Date "2012.09.30"]
[Round "3"]
[White "Lemke, Berfin"]
[Black "Halas, Julia"]
[Result "1-0"]
[Termination "normal"]
[Board "5.8"]
[WhiteTitle "14w"]
[BlackTitle "12w"]
[WhiteElo "1544"]
[BlackElo "1613"]
[WhiteTeam "Hamburg"]
[BlackTeam "Sachsen"]
[PlyCount "114"]
[WhiteFideId "1270578"]
[BlackFideId "12931810"]
[EventCountry "GER"]
[EventRounds "7"]
[EventType "team-swiss"]
[EventDate "2012.09.28"]

1. e4 e5 2. Nf3 Nf6 3. Nxe5 d6 4. Nf3 Nxe4 5. c4 Be6 6. Nc3 Nxc3 7. dxc3 Be7 8.
Bd3 Nc6 9. O-O O-O 10. Qc2 h6 11. Re1 Bf6 12. Bf4 Re8 13. Re3 Qd7 14. Nd2 Ne5
15. Rae1 Nxd3 16. Qxd3 Bh4 17. Qd4 Bf6 18. Qd3 Rad8 19. Ne4 Be5 20. Bxe5 dxe5
21. Qe2 Qc6 22. b3 Bf5 23. h3 Bg6 24. Ng3 Qd6 25. Rxe5 Rxe5 26. Qxe5 Qxe5 27.
Rxe5 Rd1+ 28. Kh2 Kf8 29. f4 f6 30. Re3 Rd2 31. Re2 Rd3 32. f5 Bf7 33. Ne4 b6
34. Kg1 a5 35. Kf2 a4 36. Rd2 Rxd2+ 37. Nxd2 axb3 38. axb3 Ke7 39. Ke3 Kd6 40.
Kd4 g6 41. Ne4+ Ke7 42. fxg6 Bxg6 43. Kd5 f5 44. Nd2 Kd7 45. Nf3 c6+ 46. Ke5 f4
47. Kxf4 Bc2 48. Nd2 Ke6 49. g4 Kf6 50. h4 Bd1 51. b4 Be2 52. Ne4+ Ke6 53. Nd2
Kf6 54. g5+ hxg5+ 55. hxg5+ Ke6 56. Ke4 Bd1 57. Nf3 Bc2+ 1-0

[Event "Deutsche Ländermeisterschaft 2012"]
[Site "Hannover GER"]
[Date "2012.09.30"]
[Round "3"]
[White "Bräuer, Franz"]
[Black "Mundorf, Johannes"]
[Result "1/2-1/2"]
[Termination "normal"]
[Board "6.1"]
[WhiteTitle "18"]
[BlackTitle "18"]
[WhiteElo "2222"]
[BlackElo "2161"]
[WhiteTeam "Thüringen"]
[BlackTeam "Nordrhein-Westfalen"]
[PlyCount "115"]
[WhiteFideId "24634468"]
[BlackFideId "24672491"]
[EventCountry "GER"]
[EventRounds "7"]
[EventType "team-swiss"]
[EventDate "2012.09.28"]

1. Nf3 e6 2. g3 d5 3. c4 c6 4. b3 Nf6 5. Bg2 Bd6 6. Bb2 Nbd7 7. d4 O-O 8. O-O
Ne4 9. Nfd2 f5 10. e3 Ndf6 11. Nc3 Nxc3 12. Bxc3 Ne4 13. Nxe4 fxe4 14. f3 Qg5
15. Qd2 exf3 16. Rxf3 Rxf3 17. Bxf3 Bd7 18. e4 Qxd2 19. Bxd2 e5 20. c5 dxe4 21.
cxd6 exf3 22. dxe5 Kf7 23. Rf1 Bg4 24. h3 Bxh3 25. Rxf3+ Ke6 26. Bc3 Bf5 27.
Rf4 h5 28. Kf2 Rf8 29. Ke3 Rf7 30. b4 Bg4 31. Rxf7 Kxf7 32. Kf4 g6 33. Bd2 Ke6
34. Ke4 Bf5+ 35. Kd4 Bb1 36. a4 Bc2 37. a5 Bd1 38. Kc5 Be2 39. Bg5 Kd7 40. Be3
Bg4 41. b5 cxb5 42. Kxb5 a6+ 43. Kb6 Bf3 44. Bg5 Bg2 45. Bf6 Bf3 46. Kc5 Bc6
47. Kd4 Ke6 48. Kc5 Kd7 49. Kb6 Bf3 50. Be7 Bg2 51. e6+ Kxe6 52. Kc7 Bc6 53.
Bg5 Bb5 54. Bd2 Bc6 55. Bf4 Bb5 56. Kxb7 g5 57. Bxg5 Kxd6 58. Bf4+ 1/2-1/2

[Event "Deutsche Ländermeisterschaft 2012"]
[Site "Hannover GER"]
[Date "2012.09.30"]
[Round "3"]
[White "Florstedt, Johannes"]
[Black "Urban, Lars"]
[Result "1/2-1/2"]
[Termination "normal"]
[Board "6.2"]
[WhiteTitle "16"]
[BlackTitle "16"]
[WhiteElo "2056"]
[BlackElo "2064"]
[WhiteTeam "Nordrhein-Westfalen"]
[BlackTeam "Thüringen"]
[PlyCount "59"]
[WhiteFideId "12922293"]
[BlackFideId "4644034"]
[EventCountry "GER"]
[EventRounds "7"]
[EventType "team-swiss"]
[EventDate "2012.09.28"]

1. Nf3 d5 2. c4 e6 3. g3 Nf6 4. Bg2 c5 5. O-O Nc6 6. b3 Be7 7. e3 O-O 8. Bb2 d4
9. exd4 cxd4 10. Re1 Ne8 11. Ne5 Nxe5 12. Rxe5 f6 13. Re1 e5 14. Ba3 Nc7 15. d3
Rb8 16. Qd2 b6 17. Bxe7 Qxe7 18. b4 Bb7 19. Bxb7 Rxb7 20. Na3 a5 21. Nc2 axb4
22. Nxd4 Qd6 23. Nc2 b5 24. c5 Qxc5 25. Nxb4 Nd5 26. a3 Qd6 27. Qa2 Rd8 28.
Rec1 Rf7 29. Rc6 Qd7 30. Nxd5 1/2-1/2

[Event "Deutsche Ländermeisterschaft 2012"]
[Site "Hannover GER"]
[Date "2012.09.30"]
[Round "3"]
[White "Sukaylo, Aleksey"]
[Black "Schröder, Kevin"]
[Result "1-0"]
[Termination "normal"]
[Board "6.3"]
[WhiteTitle "18"]
[BlackTitle "12"]
[WhiteElo "2011"]
[BlackElo "2009"]
[WhiteTeam "Thüringen"]
[BlackTeam "Nordrhein-Westfalen"]
[PlyCount "87"]
[WhiteFideId "12912344"]
[BlackFideId "12929840"]
[EventCountry "GER"]
[EventRounds "7"]
[EventType "team-swiss"]
[EventDate "2012.09.28"]

1. e4 c5 2. Nf3 d6 3. d4 cxd4 4. Nxd4 Nf6 5. Nc3 a6 6. Bg5 e6 7. Qe2 Be7 8. f4
h6 9. Bh4 Nxe4 10. Bxe7 Nxc3 11. Qc4 Kxe7 12. Qxc3 Qb6 13. O-O-O Bd7 14. Qe3
Qa5 15. Bc4 Rc8 16. Bb3 Nc6 17. Rhe1 Nxd4 18. Qxd4 Qc5 19. Qxg7 a5 20. Qxh6 a4
21. Qh4+ f6 22. Rd5 Qc6 23. Rf5 Rf8 24. Bxe6 Bxe6 25. Rxf6 Rxf6 26. f5 Kf7 27.
Qh7+ Ke8 28. Qg8+ Kd7 29. fxe6+ Kc7 30. Qg7+ Kb6 31. Qxf6 Qc4 32. Qf2+ Ka5 33.
Qd2+ Kb6 34. Qxd6+ Ka7 35. Qd3 Qf4+ 36. Kb1 Qh4 37. Qe3+ Ka6 38. e7 Re8 39. g3
Qxh2 40. Qe2+ Qxe2 41. Rxe2 Kb6 42. c3 Kc5 43. g4 Kd6 44. Kc2 1-0

[Event "Deutsche Ländermeisterschaft 2012"]
[Site "Hannover GER"]
[Date "2012.09.30"]
[Round "3"]
[White "Kuckling, Hannah"]
[Black "Zahn, Alina"]
[Result "1-0"]
[Termination "normal"]
[Board "6.4"]
[WhiteTitle "16w"]
[BlackTitle "14w"]
[WhiteElo "1845"]
[BlackElo "1884"]
[WhiteTeam "Nordrhein-Westfalen"]
[BlackTeam "Thüringen"]
[PlyCount "139"]
[WhiteFideId "24603660"]
[BlackFideId "24696730"]
[EventCountry "GER"]
[EventRounds "7"]
[EventType "team-swiss"]
[EventDate "2012.09.28"]

1. e4 e5 2. Nf3 Nc6 3. Bb5 a6 4. Ba4 Nf6 5. O-O b5 6. Bb3 Be7 7. Re1 d6 8. c3
O-O 9. d4 Bg4 10. Be3 h6 11. Nbd2 Re8 12. Nf1 Bf8 13. Ng3 Na5 14. Bc2 g6 15. h3
Bd7 16. b3 Bg7 17. Qd2 Kh7 18. Nh2 Ng8 19. Rad1 Nc6 20. f4 b4 21. Nf3 bxc3 22.
Qxc3 Nxd4 23. Nxd4 exf4 24. Bxf4 c5 25. Be3 cxd4 26. Bxd4 Rc8 27. Qb2 Bxd4+ 28.
Rxd4 Qg5 29. Kh2 Qe5 30. Bb1 h5 31. Rd2 Rc3 32. Rd3 Rec8 33. Ree3 Rxd3 34. Qxe5
dxe5 35. Bxd3 Rc6 36. Bc4 Be6 37. Bxe6 Rxe6 38. Rc3 Nf6 39. Rc4 Kh6 40. Nf1 Kg5
41. Kg3 h4+ 42. Kf3 Nh5 43. Ne3 Ng3 44. Nd5 f5 45. exf5 gxf5 46. Rc5 Ne4 47.
Rc8 Rd6 48. Rg8+ Rg6 49. Re8 Kh6 50. Rxe5 Rg3+ 51. Kf4 Rxg2 52. Rxf5 Ng3 53.
Rf6+ Kg7 54. Rxa6 Nh5+ 55. Ke5 Rg5+ 56. Kd4 Rg3 57. Ra7+ Kh6 58. b4 Rxh3 59. b5
Rg3 60. b6 h3 61. b7 Rg8 62. Ra8 h2 63. Rxg8 h1=Q 64. b8=Q Qd1+ 65. Kc5 Qc2+
66. Kd6 Qh2+ 67. Kc6 Qc2+ 68. Kb7 Qh7+ 69. Ka8 Qe4 70. Qf8+ 1-0

[Event "Deutsche Ländermeisterschaft 2012"]
[Site "Hannover GER"]
[Date "2012.09.30"]
[Round "3"]
[White "Schätz, Bianca"]
[Black "Sabirov, Ramil"]
[Result "1/2-1/2"]
[Termination "normal"]
[Board "6.5"]
[WhiteTitle "18w"]
[BlackTitle "14"]
[WhiteElo "1811"]
[BlackElo "1841"]
[WhiteTeam "Thüringen"]
[BlackTeam "Nordrhein-Westfalen"]
[PlyCount "78"]
[WhiteFideId "24655821"]
[BlackFideId "12900303"]
[EventCountry "GER"]
[EventRounds "7"]
[EventType "team-swiss"]
[EventDate "2012.09.28"]

1. e4 c5 2. Nf3 e6 3. d4 cxd4 4. Nxd4 a6 5. Bd3 Nf6 6. O-O Qc7 7. c4 Be7 8. Nc3
b6 9. Be3 Bb7 10. f3 d6 11. Qd2 Nbd7 12. Be2 O-O 13. a4 Rac8 14. a5 Rfd8 15.
Rfc1 bxa5 16. Nb3 Rb8 17. Nxa5 Ba8 18. Nd5 exd5 19. cxd5 Nc5 20. b4 Nfd7 21.
bxc5 Nxc5 22. Bxa6 Bf6 23. Ra2 Qe7 24. Bf1 Nb3 25. Nxb3 Rxb3 26. Rac2 Bxd5 27.
Rc7 Qe5 28. Bf4 Qd4+ 29. Qxd4 Bxd4+ 30. Kh1 Be6 31. Bc4 Bxc4 32. R7xc4 Be5 33.
Rc8 Rb8 34. Rxd8+ Rxd8 35. Be3 h6 36. Kg1 g5 37. Rd1 Kf8 38. h4 f6 39. hxg5
hxg5 1/2-1/2